000 00320nam a22001337a 4500
008 170224b xxu||||| |||| 00| 0 eng d
020 _a9780721696935
041 _aeng
080 _24 ED
_a617
100 _a5
101 _aSHK
245 _aSURGICAL TECHNOLOGY PRINCIPLES AND PRACTICE
_cFULLER ,J,K
942 _2udc
_cBK
999 _c6226
_d6226